<?xml version="1.0" encoding="UTF-8"?><?xml-stylesheet type="text/xsl" href="static/style.xsl"?><OAI-PMH xmlns="http://www.openarchives.org/OAI/2.0/" xmlns:xsi="http://www.w3.org/2001/XMLSchema-instance" xsi:schemaLocation="http://www.openarchives.org/OAI/2.0/ http://www.openarchives.org/OAI/2.0/OAI-PMH.xsd"><responseDate>2026-06-06T05:01:50Z</responseDate><request verb="GetRecord" identifier="oai:riuma.uma.es:10630/10135" metadataPrefix="marc">https://riuma.uma.es/rest/oai/request</request><GetRecord><record><header><identifier>oai:riuma.uma.es:10630/10135</identifier><datestamp>2026-02-03T11:51:06Z</datestamp><setSpec>com_10630_2254</setSpec><setSpec>col_10630_37959</setSpec></header><metadata><record xmlns="http://www.loc.gov/MARC21/slim" xmlns:dcterms="http://purl.org/dc/terms/" xmlns:doc="http://www.lyncode.com/xoai" xmlns:xsi="http://www.w3.org/2001/XMLSchema-instance" xsi:schemaLocation="http://www.loc.gov/MARC21/slim http://www.loc.gov/standards/marcxml/schema/MARC21slim.xsd">
   <leader>00925njm 22002777a 4500</leader>
   <datafield ind2=" " ind1=" " tag="042">
      <subfield code="a">dc</subfield>
   </datafield>
   <datafield ind2=" " ind1=" " tag="720">
      <subfield code="a">Muñoz, María M.</subfield>
      <subfield code="e">author</subfield>
   </datafield>
   <datafield ind2=" " ind1=" " tag="720">
      <subfield code="a">Casquero-Tomás, Antonio</subfield>
      <subfield code="e">author</subfield>
   </datafield>
   <datafield ind2=" " ind1=" " tag="720">
      <subfield code="a">Ortega-Aguaza, Bienvenido</subfield>
      <subfield code="e">author</subfield>
   </datafield>
   <datafield ind2=" " ind1=" " tag="720">
      <subfield code="a">Sanjuán-Solís, Jesús Carlos</subfield>
      <subfield code="e">author</subfield>
   </datafield>
   <datafield ind2=" " ind1=" " tag="260">
      <subfield code="c">2015-07-23</subfield>
   </datafield>
   <datafield ind2=" " ind1=" " tag="520">
      <subfield code="a">Los Objetivos de Desarrollo del Milenio de las Naciones Unidas pretenden centrar la atención en la mejora de los indicadores de pobreza, educación, salud, igualdad de género y desarrollo sostenible de los países. En este trabajo se quiere evaluar el progreso experimentado por 43 países en desarrollo hacia la consecución de los objetivos de salud 4A y 5A. Para realizar este análisis aplicamos técnicas de ayuda a la toma de decisiones multicriterio, en concreto se consideran las siguientes técnicas: Utilidad Multiatributo (Modelo Lineal), método TOPSIS y método PROMETHEE II. Por cada uno de estos métodos se obtiene un ranking y se procede a la comparación de los mismos. La existencia de diferencias significativas en la posición en el ranking para algunos países nos lleva  realizar un estudio dichas alternativas y se detectan los motivos de las mismas (inherentes a la filosofía de cada método). Finalmente, se realiza un análisis regional de los rankings y se comparan los resultados obtenidos con el Índice de Desarrollo Humano de cada país.</subfield>
   </datafield>
   <datafield ind1="8" ind2=" " tag="024">
      <subfield code="a">http://hdl.handle.net/10630/10135</subfield>
   </datafield>
   <datafield ind1="8" ind2=" " tag="024">
      <subfield code="a">http://orcid.org/0000-0002-5604-1392</subfield>
   </datafield>
   <datafield tag="653" ind2=" " ind1=" ">
      <subfield code="a">Indicadores sociales - Países en desarrollo</subfield>
   </datafield>
   <datafield ind2="0" ind1="0" tag="245">
      <subfield code="a">A multi-criteria assessment of the  Millennium Development Goals 4 and 5A</subfield>
   </datafield>
</record>
</metadata></record></GetRecord></OAI-PMH>